• 首页
  • 本馆介绍
  • 公告通知
  • 最新文献
  • 馆藏检索
  • 电子资源
  • 读者导购
  • 参考咨询
  • 我的图书馆
  • 登录
  • 详细信息显示
  • 放入我的书架
  • 预约/预借图书
  • 作者相关作品
  • 分类相关作品
  • 丛书相关作品
  • 出版社相关作品

书目信息

  • 表格格式
  • 工作单格式
  • 卡片格式
题名:
古汉语与文学基础
    
 
作者: 易滢 主编
分册: 下册  
出版信息: 镇江   江苏大学出版社  2018
页数: 316页
开本: 26cm
丛书名:
单 册:
中图分类: H109.2 , I212.01
科图分类:
主题词: 古汉语--Gu Han Yu--教材 , 中国文学--Zhong Guo Wen Xue--古典文学--教材
电子资源:
ISBN: 978-7-5684-0891-2
000 01351nam0 2200277 450
001 012001008605
005 20191029083941.31
010    @a978-7-5684-0891-2@dCNY65.00
099    @aCAL 012019050475
100    @a20181115d2018 em y0chiy50 ea
101 0  @achi
102    @aCN@b320000
105    @ay z 000yy
106    @ar
200 1  @a古汉语与文学基础@AGu Han Yu Yu Wen Xue Ji Chu@h下册@f易滢主编
210    @a镇江@c江苏大学出版社@d2018
215    @a316页@d26cm
330    @a本教材分上、下两册, 共为四编, 共计18个单元。其中《古汉语文学基础》 (上册) 共两篇, 共计10个单元, 讲述了从上古到魏晋南北朝的古汉语文学知识; 《古汉语文学基础》 (下册) 共两篇, 共计8个单元, 讲述了从隋唐至清朝的古汉语文学知识。本教材以时间为经, 以各个时期主要文学体裁为纬, 对原有的《古代汉语》与《古代文学》两门课程的重点内容进行了整合统一。每个单元在“文学作品”“古汉语通论”的基础上新增了“文学概说”和“文史拓展”两大知识模块, 四大知识模块全面、系统地优化课程内容。本教材定位科学, 结构清晰, 系统完整, 可作为汉语言文学及人文学科相关专业的课程教材, 也可供广大文学爱好者阅读参考。
333    @a文学相关专业师生
606 0  @a古汉语@AGu Han Yu@j教材
606 0  @a中国文学@AZhong Guo Wen Xue@x古典文学@j教材
690    @aH109.2@v5
690    @aI212.01@v5
701  0 @a易滢@AYi Ying@4主编
801  0 @aCN@b上海新华@c20191020
905    @b1181211-4@dH109.2@e80:2@f4
    
    古汉语与文学基础.下册/易滢主编.-镇江:江苏大学出版社,2018
    316页;26cm
    使用对象:文学相关专业师生
    
    ISBN 978-7-5684-0891-2:CNY65.00
    本教材分上、下两册, 共为四编, 共计18个单元。其中《古汉语文学基础》 (上册) 共两篇, 共计10个单元, 讲述了从上古到魏晋南北朝的古汉语文学知识; 《古汉语文学基础》 (下册) 共两篇, 共计8个单元, 讲述了从隋唐至清朝的古汉语文学知识。本教材以时间为经, 以各个时期主要文学体裁为纬, 对原有的《古代汉语》与《古代文学》两门课程的重点内容进行了整合统一。每个单元在“文学作品”“古汉语通论”的基础上新增了“文学概说”和“文史拓展”两大知识模块, 四大知识模块全面、系统地优化课程内容。本教材定位科学, 结构清晰, 系统完整, 可作为汉语言文学及人文学科相关专业的课程教材, 也可供广大文学爱好者阅读参考。
●
相关链接 在E读中查询图书 在五车中查询图书 在当当中查询图书 在豆瓣中查询图书


正题名:古汉语与文学基础     索取号:H109.2/80:2         预约/预借

序号 登录号 条形码 馆藏地/架位号 状态 备注
1 1181211   211812118   第二样本阅览室/ [索取号:H109.2/80:2] 在馆    
2 1181212   211812127   第四借阅区/ [索取号:H109.2/80:2] 在馆    
3 1181213   211812136   第四借阅区/ [索取号:H109.2/80:2] 在馆    
4 1181214   211812145   第四借阅区/ [索取号:H109.2/80:2] 在馆    
唐山师范学院图书馆 欢迎您!
大连网信软件有限公司© 版权所有